000 01312nam a22003377a 4500
003 CHAP
005 20220329143105.0
008 060301d2005 mx r 00110 spa d
010 _a91793
011 _a92765
035 _a103331
040 _cCHAP
090 _aTesis
100 1 _aSuárez Dueñas, José María.
_9110689
245 1 0 _aOrganización campesina en la conformación de áreas naturales protegidas, caso Peña Alta, Gto.
_c/por José María Suárez Dueñas
260 _aChapingo, Méx. :
_bEl autor,
_c2001.
502 _aTesis (M.C. en Desarrollo Rural Regional) -- UACH. Dirección de Centros Regionales Universitarios
590 _aALEPH
_b10
_c20130110
_lUCH01
_h1509
590 _aBATCH-UPD
_b10
_c20130110
_lUCH01
_h1432
590 _aBATCH-UPD
_b10
_c20130410
_lUCH01
_h0908
590 _aBATCH-UPD
_b10
_c20130914
_lUCH01
_h0829
590 _aCONVERSION
_b10
_c20130109
_lUCH01
_h1351
650 1 4 _aÁreas protegidas
_zGuanajuato.
_96877
650 1 4 _aCampesinado
_xGuanajuato.
_918015
650 1 4 _aDesarrollo de la comunidad rural
_xGuanajuato.
_932013
901 _aBK
905 _aAlejandra Carrasco M.
942 _cFOLL
949 _aTesis
_bBC
_cTES
_d00000001033311
_eTS1
_gDonaciØn
_h44187
_i103331
_sb
949 _aTesis
_bBC
_cTES
_d33724000999942
_eTS2
_fc.2
_gDonaciØn
_h44188
_i103331
_sb
999 _c91793
_d91793